000 00614nam a22001937a 4500
005 20240708151100.0
010 _aENG-140824
020 _c495.00
_a9357942173
035 _aEN-124356
037 _bDBAD
082 _a230.1
_21
100 _aGupta, k.c.
_968228
245 _aHinduism & Hindu Way of Life/
_cby K.C. Gupta
250 _a1
260 _aNew Delhi
_bV&S Publication
270 _bNew Delhi
_aV&S Publication F-2/16, Ansari Road, Daryaganj, New Delhi
_e110002
_minfo@vspublishers.com, www.vspublishers.com
300 _a192p.
_c24cm (pb)
942 _2ddc
_cEN
_h230.1
_mGUP
_e1
999 _c204010
_d204010